LEADER 00817nam a2200193 i 4500 001 000000183350 003 CaOOAMICUS 005 20091112000000.0 008 091112s1928 it u000 u ita u 013 $a161317 040 $aSeMil$bita 245 10$aTenerezze della Divina Provvidenza nella Sua Piccola Casa. 260 $aPinerolo :$bScuola tip. Orfanotrofio Cottolengo,$c1928. 300 $a224, 94 p. ;$c22 cm. 650 4$aPiccola Opera della Divina Provvidenza.$0(OLS)http://semarc/subject/11158 850 $aSeMil 852 $aSeMil$W1$xVenegono$y1$m3E III 71$j134050$B134050$CSeMilBibl$Z2$F145698 $81 996 $6245$aTenerezze della Divina Provvidenza nella Sua Piccola Casa$9(OLS)http://semarc/title/263141 996 $6260$aPinerolo :$bScuola tip. Orfanotrofio Cottolengo$9(OLS)http://semarc/publisher/41072 LEADER 00852nam a2200205 i 4500 001 000000203671 003 CaOOAMICUS 005 20110704000000.0 008 110704s1934 it u000 u ita u 013 $a182385 040 $aSeMil$bita 100 1 $aMartini, Vito A.$0(OLS)http://semarc/name/36574 245 13$aIl mondo inquieto :$bpanorami e problemi di politica internazionale /$cVito Augusto Martini. 260 $aMilano :$bMundus,$c1934. 300 $a351 p. ;$c22 cm. 650 4$aPolitica internazionale - Europa.$0(OLS)http://semarc/subject/27549 850 $aSeMil 852 $aSeMil$W1$xVenegono$y1$m3U II 80$j154165$B154165$CSeMilBibl$Z2$F165057 $81 996 $6245$aIl mondo inquieto :$bpanorami e problemi di politica internazionale$9(OLS)http://semarc/title/295051 996 $6260$aMilano :$bMundus$9(OLS)http://semarc/publisher/44432 LEADER 01107nam a2200265 i 4500 001 000000119063 003 CaOOAMICUS 005 20031016000000.0 008 031016s1999 it u000 u ita u 013 $a91756 040 $aSeMil$bita 100 1 $aFossati, Giuseppe.$0(OLS)http://semarc/name/39378 245 10$aRitorneṛ da mio padre :$bitinerario spirituale sui passi di san Leonardo Murialdo /$cGiuseppe Fossati. 260 $aRoma :$bMurialdo,$c1999. 300 $aVIII, 184 p. ;$c21 cm. 490 0 $aFor-Per. Nuova serie ;$v5 500 $aFondo Card. C.M. Martini. 650 4$aLeonardo : Murialdo .$0(OLS)http://semarc/subject/5133 830 0$aFor-Per. Nuova serie ;$v5.$0(OLS)http://semarc/title/12721 850 $aSeMil 852 $aSeMil$W1$xVenegono$y1$m3H IV 81$j74307$B74307$CSeMilBibl$Z2$F87316 $81 941 1 $a4 961 $aOmaggio: Martini Card. Carlo Maria 996 $6245$aRitorneṛ da mio padre :$bitinerario spirituale sui passi di san Leonardo Murialdo$9(OLS)http://semarc/title/174954 996 $6260$aRoma :$bMurialdo$9(OLS)http://semarc/publisher/32621